000
00241nam a22000857a 4500
999
_c
10961
_d
10961
008
180702b ||||| |||| 00| 0 eng d
100
_a
Ganguly, Anand
_9
6763
245
_a
Teach yourself German
260
_a
German
_b
Learn to speak write german
_c
2005